[Event "Challenge"]
[Site "http://www.queenalice.com/game.php?id=359651"]
[Date "2008.2.23"]
[Round "-"]
[White "Bernhardur"]
[Black "Marie"]
[Result "1-0"]
[WhiteElo "1764"]
[BlackElo "1696"]

1. f4 Nf6 2. Nf3 d5 3. e3 Bg4 4. Be2 e6 5. c3 Nc6 6. O-O a6 7. d4 Bd6 8. Bd2 O-O
9. Be1 Ne7 10. Nbd2 Nf5 11. Bf2 c5 12. a3 Qb6 13. Rb1 Rfe8 14. h3 Bxf3 15. Bxf3
Qb5 16. Re1 Ne7 17. Nf1 Nc6 18. Qd2 Rad8 19. b4 c4 20. Ng3 g6 21. e4 dxe4 22.
Nxe4 Nxe4 23. Bxe4 Rd7 24. g3 Bf8 25. Qc2 Bg7 26. Bg2 Kh8 27. d5 Nd4 28. Bxd4
Bxd4+ 29. cxd4 Qb6 30. Qxc4 Qd8 31. Rbd1 Qf6 32. dxe6 Rde7 33. d5 fxe6 34. dxe6
Rxe6 35. Rxe6 Rxe6 36. Bxb7 Re3 37. Bg2 Rxg3 38. a4 Re3 39. Qd4 Qxd4 40. Rxd4
Re8 41. a5 Rb8 42. Bf1 1-0

[Event "Let's Play Chess!"]
[Site "http://www.queenalice.com/game.php?id=364474"]
[Date "2008.3.2"]
[Round "-"]
[White "Marie"]
[Black "EMB2"]
[Result "0-1"]
[WhiteElo "1710"]
[BlackElo "1718"]

1. e4 e5 2. Nc3 Nc6 3. f4 exf4 4. Nf3 g5 5. d4 Bb4 6. Bd2 d6 7. h3 h6 8. Bb5 Nf6
9. Bxc6+ bxc6 10. Qe2 O-O 11. O-O-O Re8 12. h4 Bxc3 13. Bxc3 Nxe4 14. Be1 Ng3
15. Bxg3 Rxe2 0-1

[Event "20080303 - Marzo 08"]
[Site "http://www.queenalice.com/game.php?id=364997"]
[Date "2008.3.3"]
[Round "-"]
[White "Marie"]
[Black "SRIVERO"]
[Result "1/2-1/2"]
[WhiteElo "1693"]
[BlackElo "1641"]

1. e4 c5 2. Nf3 Nc6 3. d4 cxd4 4. Nxd4 d6 5. Nxc6 bxc6 6. Nc3 Nf6 7. Bc4 e6 8.
Bg5 Be7 9. O-O O-O 10. Rb1 Bb7 11. Re1 d5 12. Bd3 dxe4 13. Nxe4 Nxe4 14. Bxe7
Qxe7 15. Bxe4 Rfd8 16. Qf3 Rd6 17. c4 Rad8 18. Qh3 g6 19. Re2 Rd1+ 20. Re1 Rxb1
21. Rxb1 Qd6 22. Qf3 f5 23. Bc2 Rd7 24. Qe3 c5 25. Ba4 Bc6 26. Bxc6 Qxc6 27. Qe2
Qa4 28. b3 Qa5 29. Rb2 Qc3 30. g3 Qc1+ 31. Kg2 Rd6 32. Rc2 Qg5 33. f4 Qg4 34.
Qxg4 fxg4 35. h3 h5 36. hxg4 hxg4 37. Kf2 Rd3 38. Re2 Kf7 39. Kg2 1/2-1/2

[Event "Challenge"]
[Site "http://www.queenalice.com/game.php?id=379788"]
[Date "2008.3.31"]
[Round "-"]
[White "Marie"]
[Black "Marcelo_Bruno"]
[Result "0-1"]
[WhiteElo "1695"]
[BlackElo "1859"]

1. e4 e5 2. Nc3 Nf6 3. Bc4 Bc5 4. d3 h6 5. Na4 Bb6 6. Nxb6 axb6 7. Nf3 d6 8. O-O
O-O 9. h3 Be6 10. Bxe6 fxe6 11. Bd2 Nbd7 12. a3 d5 13. Qe2 c6 14. exd5 exd5 15.
Nxe5 Nxe5 16. Qxe5 Re8 17. Qc3 Qc7 18. Bxh6 Qe5 19. Qxe5 Rxe5 20. Be3 b5 21. Kh2
Rae8 0-1

[Event "Challenge"]
[Site "http://www.queenalice.com/game.php?id=380887"]
[Date "2008.4.2"]
[Round "-"]
[White "Mike36bh"]
[Black "Marie"]
[Result "1-0"]
[WhiteElo "1740"]
[BlackElo "1710"]

1. d4 d5 2. Nc3 e6 3. a3 Nc6 4. Bf4 Bd6 5. Bxd6 Qxd6 6. e4 dxe4 7. Nxe4 Qxd4 8.
Bd3 Qxb2 9. Ne2 Nge7 10. O-O f5 11. Nd2 O-O 12. Nc4 Qf6 13. Rb1 Rd8 14. Ne3 Ne5
15. f4 Nxd3 16. cxd3 b6 17. d4 Ba6 18. Nc2 c5 19. h3 cxd4 20. Nb4 Bc4 21. Rc1
Bb5 22. a4 Be8 23. Rc4 Bh5 24. Qd2 Qg6 25. Nxd4 1-0

[Event "Let's Play Chess!"]
[Site "http://www.queenalice.com/game.php?id=473285"]
[Date "2008.10.5"]
[Round "-"]
[White "Marie"]
[Black "alterego"]
[Result "1/2-1/2"]
[WhiteElo "1745"]
[BlackElo "1705"]

1. e4 c5 2. Nf3 Nc6 3. d4 cxd4 4. Nxd4 g6 5. Nc3 Bg7 6. Be3 Nf6 7. Bc4 O-O 8.
O-O d6 9. Nxc6 bxc6 10. f3 Qc7 11. Rb1 Rb8 12. Qd2 Rb4 13. b3 a5 14. a4 e6 15.
Rfe1 Rd8 16. Na2 Rb8 17. Nc1 d5 18. exd5 cxd5 19. Bd3 Rb4 20. Qf2 d4 21. Bd2 Nd5
22. Ne2 Nc3 23. Nxc3 dxc3 24. Be3 Bf6 25. Bc5 Bd4 26. Bxd4 Rbxd4 27. Re4 R4d5
28. Qe3 Bb7 29. Rh4 Qc5 30. Qxc5 Rxc5 31. Rd1 Rg5 32. Kf2 Ba6 33. Re4 Rgd5 34.
Re3 R8d6 35. Ke2 f5 36. f4 Kg7 37. g3 Kf6 38. h4 e5 39. fxe5+ Rxe5 40. Rxe5 Kxe5
41. Ke3 h6 42. Ke2 g5 43. h5 Bxd3+ 44. Rxd3 Rxd3 45. Kxd3 f4 46. g4 Kd5 47. Kxc3
Ke4 48. Kd2 f3 49. Ke1 Kf4 50. Kf2 Kxg4 51. b4 Kf4 52. bxa5 g4 53. a6 g3+ 54.
Kf1 Ke3 55. a7 g2+ 56. Kg1 f2+ 57. Kxg2 Ke2 58. a8=Q f1=Q+ 59. Kg3 Qf2+ 60. Kh3
Qf5+ 61. Kg3 Qg5+ 62. Kh2 Qxh5+ 63. Kg1 Qc5+ 64. Kh2 Qe5+ 65. Kg1 Qd4+ 1/2-1/2

[Event "A Fine Mess!"]
[Site "http://www.queenalice.com/game.php?id=473294"]
[Date "2008.10.5"]
[Round "-"]
[White "Marie"]
[Black "Tlaloc2k"]
[Result "1-0"]
[WhiteElo "1688"]
[BlackElo "1664"]

1. e4 e5 2. Nc3 Nf6 3. Bc4 c6 4. Nf3 b5 5. Bb3 d6 6. d4 exd4 7. Qxd4 Ba6 8. Ng5
d5 9. exd5 h6 10. Qe5+ Be7 11. Nxf7 Qc7 12. Qxc7 Kxf7 13. d6+ Kg6 14. Qxe7 Nbd7
15. Be3 Rae8 16. Bf7+ Kh7 17. Bxe8 Rxe8 18. Qf7 b4 19. Ne2 Bxe2 20. Kxe2 Ne5 21.
Qxa7 Ned7 22. f3 Ne5 23. b3 Re6 24. Rad1 Nfd7 25. Rhe1 Kg6 26. h3 Kf6 27. f4 Nc4
28. bxc4 b3 29. cxb3 Nf8 30. Qa8 Ng6 31. d7 Nxf4+ 32. Kf2 Rxe3 33. Rxe3 1-0

[Event "Let's Play Chess!"]
[Site "http://www.queenalice.com/game.php?id=473296"]
[Date "2008.10.5"]
[Round "-"]
[White "Marie"]
[Black "Obsidian8"]
[Result "1-0"]
[WhiteElo "1686"]
[BlackElo "1062"]

1. e4 e6 2. d4 d5 3. Nc3 Bb4 4. e5 Na6 5. Bd2 Ne7 6. Bxa6 bxa6 7. a3 Ba5 8. Nf3
Ng6 9. b4 Bb6 10. Bg5 Qd7 11. O-O O-O 12. Qd3 h6 13. Bd2 a5 14. Rfb1 Ne7 15. Ne2
Nc6 16. b5 Ne7 17. Nf4 Nf5 18. a4 c6 19. Nh5 g6 20. Nf6+ Kh8 21. Nxd7 Bxd7 22.
c3 cxb5 23. axb5 a6 24. bxa6 Bc8 25. Rxb6 f6 26. Rxa5 fxe5 27. Nxe5 Nd6 28.
Nxg6+ Kg7 29. Nxf8 Kxf8 30. Rxd6 Ke7 31. Bf4 e5 32. dxe5 Ra7 33. Qh7+ Ke8 34.
Qxa7 Bg4 35. Raxd5 1-0

[Event "Let's Play Chess!"]
[Site "http://www.queenalice.com/game.php?id=473299"]
[Date "2008.10.5"]
[Round "-"]
[White "Marie"]
[Black "charles31"]
[Result "1-0"]
[WhiteElo "1703"]
[BlackElo "1786"]

1. e4 e5 2. Nc3 d6 3. d4 exd4 4. Qxd4 Nc6 5. Qd1 h6 6. Nf3 Bg4 7. Bb5 Qd7 8. h3
Bh5 9. g4 Bg6 10. Nd4 a6 11. Bxc6 bxc6 12. f4 Nf6 13. f5 Bh7 14. Bd2 g6 15. Qf3
Be7 16. Bxh6 c5 17. Nb3 gxf5 18. exf5 c6 19. Kf2 d5 20. Rhe1 Kd8 21. Re2 c4 22.
Nd2 Kc7 23. Rae1 Rae8 24. Kg2 Rhg8 25. Kh1 Bd6 26. Nf1 Bc5 27. Na4 Ba7 28. Rxe8
Rxe8 29. Rxe8 Nxe8 30. Be3 Bxe3 31. Qxe3 Nd6 32. Qb6+ Kc8 33. Nc5 Qc7 34. Qxc7+
Kxc7 35. Na4 Nb5 36. c3 Kd6 37. Nd2 c5 38. b3 cxb3 39. axb3 f6 40. Kg2 Ke5 41.
Kf3 d4 42. cxd4+ cxd4 43. b4 Bg8 44. Kg3 Bd5 45. Nc5 Nc7 46. Nd7+ Kd6 47. Nxf6
Ke7 48. g5 Nb5 49. Nxd5+ Kf7 50. h4 Nc3 51. Nf4 Nd1 52. Nf3 Ne3 53. Nxd4 Nc4 54.
Nd3 a5 55. bxa5 Nxa5 56. h5 Nc4 57. h6 Nd6 58. Ne5+ Kg8 59. f6 1-0

[Event "Challenge"]
[Site "http://www.queenalice.com/game.php?id=484066"]
[Date "2008.10.27"]
[Round "-"]
[White "Marie"]
[Black "Kingfish"]
[Result "1-0"]
[WhiteElo "1722"]
[BlackElo "1908"]

1. e4 Nf6 2. e5 Nd5 3. c4 Nb6 4. d4 e6 5. c5 Nd5 6. Bc4 Nc6 7. Bxd5 exd5 8. Nf3
h6 9. O-O Be7 10. Nc3 d6 11. cxd6 cxd6 12. Nxd5 Be6 13. Nxe7 Nxe7 14. Qa4+ Kf8
15. Qb4 Bd5 16. exd6 Qxd6 17. Qxd6 Bxf3 18. gxf3 1-0

[Event "Challenge"]
[Site "http://www.queenalice.com/game.php?id=484624"]
[Date "2008.10.29"]
[Round "-"]
[White "Marie"]
[Black "ZUMBI"]
[Result "0-1"]
[WhiteElo "1743"]
[BlackElo "1739"]

1. e4 e5 2. Nc3 Nc6 3. f4 Nf6 4. fxe5 Nxe5 5. d4 Nc6 6. e5 Ng8 7. Nf3 Bb4 8. Bb5
Bxc3+ 9. bxc3 Nge7 10. O-O O-O 11. Bg5 a6 12. Bxc6 dxc6 13. Rb1 h6 14. Bh4 g5
15. Bf2 Bg4 16. Rxb7 Nd5 17. Rb3 a5 18. c4 Nb4 19. a3 Na2 20. Qb1 a4 21. Re3 Be6
22. Nd2 Qxd4 23. Qxa2 Qxd2 24. Rb1 Rad8 25. Ree1 f6 26. Rb7 fxe5 27. Qa1 Qxf2+
28. Kh1 Rd2 0-1

[Event "Let's Play Chess!"]
[Site "http://www.queenalice.com/game.php?id=498636"]
[Date "2008.11.26"]
[Round "-"]
[White "Marie"]
[Black "ClivetheBeard"]
[Result "0-1"]
[WhiteElo "1724"]
[BlackElo "2301"]

1. e4 c5 2. Nf3 a6 3. Nc3 b5 4. d4 e6 5. Bg5 Qc7 6. a3 Bb7 7. d5 e5 8. Be2 d6 9.
O-O Be7 10. Qc1 h6 11. Bxe7 Nxe7 12. a4 b4 13. Nd1 f5 14. exf5 Nxd5 15. Ne3 Nf4
16. Qd2 Nc6 17. b3 Nd4 18. Bd1 O-O 19. Kh1 Nxf5 20. c3 bxc3 21. Qxc3 Nd4 22. Ne1
Qe7 23. Rg1 Qh4 24. f3 Qf2 25. Ng4 Qxg1+ 26. Kxg1 Nfe2+ 27. Bxe2 Nxe2+ 28. Kf2
Nxc3 29. Ne3 e4 30. Rc1 Nd5 31. Nc4 exf3 32. g3 Nf6 33. Kf1 Ng4 0-1

[Event "Let's Play Chess!"]
[Site "http://www.queenalice.com/game.php?id=498639"]
[Date "2008.11.26"]
[Round "-"]
[White "Marie"]
[Black "mbubi"]
[Result "0-1"]
[WhiteElo "1727"]
[BlackElo "2051"]

1. e4 g6 2. Nc3 Bg7 3. d4 d6 4. Bc4 a6 5. Nf3 e6 6. O-O Nd7 7. Bg5 Ne7 8. a3 h6
9. Bf4 b5 10. Bd3 O-O 11. h3 Bb7 12. Qd2 Kh7 13. Rfe1 e5 14. Be3 f5 15. g3 fxe4
16. Bxe4 d5 17. Nxd5 Bxd5 18. Bxd5 Nxd5 19. Nh2 Nxe3 20. Qxe3 exd4 0-1

[Event "Let's Play Chess!"]
[Site "http://www.queenalice.com/game.php?id=513941"]
[Date "2008.12.28"]
[Round "-"]
[White "Marie"]
[Black "Kingfish"]
[Result "1/2-1/2"]
[WhiteElo "1726"]
[BlackElo "1854"]

1. e4 Nf6 2. e5 Nd5 3. c4 Nb6 4. d4 d6 5. f4 Bd7 6. c5 Nd5 7. Bc4 e6 8. Bxd5
exd5 9. cxd6 cxd6 10. Nc3 Qa5 11. Nf3 Bb5 12. Bd2 Bc6 13. Qe2 dxe5 14. Qxe5+ Be7
15. Qxg7 Rf8 16. Qxh7 Nd7 17. O-O O-O-O 18. Rae1 Nf6 19. Qf5+ Bd7 20. Qd3 Bd6
21. a3 Qb6 1/2-1/2

[Event "Let's Play Chess!"]
[Site "http://www.queenalice.com/game.php?id=514628"]
[Date "2008.12.30"]
[Round "-"]
[White "Marie"]
[Black "DrIgO"]
[Result "1-0"]
[WhiteElo "1722"]
[BlackElo "1433"]

1. e4 d5 2. e5 g6 3. d4 Bg7 4. Nc3 Nh6 5. Nf3 O-O 6. Bd3 e6 7. Bg5 Qd7 8. Qc1
Ng4 9. h3 Nxf2 10. Kxf2 a6 11. Qf4 b5 12. Bf6 c5 13. Bxg7 Kxg7 14. dxc5 Bb7 15.
a4 b4 16. Qxb4 a5 17. Qh4 Nc6 18. Bb5 d4 19. Ne4 Qd5 20. Nf6 Qxc5 21. Qxh7# 1-0

[Event "Let's Play Chess!"]
[Site "http://www.queenalice.com/game.php?id=514794"]
[Date "2008.12.30"]
[Round "-"]
[White "Marie"]
[Black "Kafka"]
[Result "1-0"]
[WhiteElo "1738"]
[BlackElo "1414"]

1. e4 d5 2. e5 Nc6 3. d4 Bf5 4. Bb5 a6 5. Bxc6+ bxc6 6. Nf3 e6 7. c4 dxc4 8. Qa4
Ne7 9. Nbd2 Bd3 10. Nxc4 Qd5 11. b3 Nf5 12. Be3 f6 13. Rd1 Be4 14. Ncd2 g5 15.
exf6 g4 16. Nxe4 gxf3 17. gxf3 Rb8 18. Qxa6 Bb4+ 19. Ke2 Nxd4+ 20. Rxd4 Qb5+ 21.
Qxb5 cxb5 22. Rxb4 Rc8 23. Rxb5 O-O 24. Bh6 Rf7 25. Rg1+ Kh8 26. Rbg5 Rg7 27.
Rxg7 e5 28. Ng5 Rf8 29. Nf7+ Rxf7 30. Rg8# 1-0

[Event "Challenge"]
[Site "http://www.queenalice.com/game.php?id=515305"]
[Date "2008.12.31"]
[Round "-"]
[White "Marie"]
[Black "BboyH"]
[Result "0-1"]
[WhiteElo "1741"]
[BlackElo "1860"]

1. e4 Nc6 2. d4 d5 3. e5 e6 4. Nf3 h6 5. a3 Nge7 6. Nc3 g6 7. Be2 Bg7 8. O-O a5
9. Bb5 O-O 10. Bxc6 Nxc6 11. Be3 b6 12. Re1 Ba6 13. h3 b5 14. Qc1 Kh7 15. Bd2
Ne7 16. b3 Nf5 17. Nd1 Nh4 18. Nxh4 Qxh4 19. Qb2 Rac8 20. Bxa5 c5 21. dxc5 Rxc5
22. Bb4 Rfc8 23. Bxc5 Rxc5 24. b4 Rc4 25. Rc1 Bb7 26. Ne3 Re4 27. Ng4 Rc4 28. c3
h5 29. Nh2 Qg5 30. Nf3 Qf4 31. Re3 Bh6 32. Rce1 g5 33. g3 Qf5 34. Qb1 g4 35.
Qxf5+ exf5 36. Rd3 gxf3 37. Rxf3 Kg6 38. Rd3 Bf8 39. f4 Be7 40. Kh2 Rc8 41. h4
Ra8 42. Ra1 Bd8 43. Ra2 Bb6 44. Rdd2 Rd8 45. Rd1 Rc8 46. Rd3 Rc4 47. a4 bxa4 48.
Rxa4 d4 49. Rxd4 Bxd4 50. cxd4 Rxd4 51. Kg1 Rd2 52. b5 Rg2+ 53. Kf1 Rxg3 54.
Ra6+ Bxa6 55. bxa6 Rf3+ 56. Kg2 Rxf4 57. a7 Ra4 0-1

[Event "Challenge"]
[Site "http://www.queenalice.com/game.php?id=516783"]
[Date "2009.1.4"]
[Round "-"]
[White "Marie"]
[Black "ingridcardoso"]
[Result "1-0"]
[WhiteElo "1731"]
[BlackElo "1501"]

1. e4 e5 2. Nc3 Nf6 3. g3 Bc5 4. Bg2 O-O 5. d3 Bxf2+ 6. Kxf2 d6 7. Nf3 Bg4 8. h3
Bxf3 9. Bxf3 Nc6 10. Kg2 Nd4 11. Be3 d5 12. Nxd5 Nxd5 13. exd5 Nxf3 14. Qxf3 c6
15. c4 b5 16. Rhd1 bxc4 17. dxc4 Qc7 18. dxc6 f5 19. Rd7 Qa5 20. Qd5+ Qxd5+ 21.
cxd5 f4 22. gxf4 exf4 23. Bd4 f3+ 24. Kf2 g5 25. Rg7+ Kh8 26. Rxg5+ 1-0